000 00964nas a2200325 4500
001 BR2011001367
003 BR-BrBNA
005 20231205114520.0
007 ta
008 230509b bl.|||p| |||| 00| 00por d
040 _aBR-BrBNA
_bpor
_cBiblioteca Nacional de Agricultura
041 _a(Pt)
072 _aH60
100 1 _aInoue, M.H.
100 1 _aSantana, D.C.
100 1 _aOliveira Júnior, R.S.
100 1 _aClemente, R.A.
100 1 _aDallacort, R.
100 1 _aPossamai, A.C.S.
100 1 _aSantana, C.T.C.
100 1 _aPereira, K.M.
245 1 _aPotencial de lixiviação de herbicidas utilizados na cultura do algodão em colunas de solo
650 _aALGODÃO
650 _aHERBICIDA
650 _aLIXIVIAÇÃO
650 _aAGUAS SUBTERRANEAS
773 0 _tPlanta Daninha (Brazil)
_xISSN 0100-8358
_g(Oct-Dec 2010), v. 28(4) p. 825-833
_wBR2011001367
909 _a202311
_bLúcia
_c55
_dLúcia Elande
942 _2AGRIS
_n0
_cANA
999 _c209124
_d209124